[Event "X. Solinger Karnevalsopen"]
[Site "Solingen"]
[Date "2019.03.03"]
[Round "4.1"]
[White "Braun, Christian"]
[Black "Eckert, Marius"]
[Result "1/2-1/2"]
[WhiteElo "2392"]
[BlackElo "1994"]
[PlyCount "141"]
[EventDate "2019.??.??"]
[WhiteTeam "DJK Aufwärts Aachen"]
[BlackTeam "SV Waltrop"]

1. e4 e5 2. Nf3 Nc6 3. Bc4 Nf6 4. d3 Be7 5. Nc3 d6 6. a3 O-O 7. h3 Be6 8. Nd5
Bxd5 9. exd5 Nb8 10. O-O c6 11. dxc6 bxc6 12. Re1 Nbd7 13. Ba2 a5 14. c3 Re8
15. Bb1 Bf8 16. Ra2 Qc7 17. b4 d5 18. Qb3 Reb8 19. Rae2 axb4 20. axb4 e4 21.
dxe4 Nc5 22. Qc2 Ncxe4 23. Ng5 g6 24. Nxe4 Nxe4 25. Rd1 Bg7 26. Bb2 Nd6 27. Qd3
Re8 28. Rxe8+ Rxe8 29. Bc2 Nc4 30. Bc1 Qe5 31. Ba4 Qxc3 32. Qxc3 Bxc3 33. Bxc6
Re1+ 34. Rxe1 Bxe1 35. b5 Nb6 36. Be3 Ba5 37. Bd4 f5 38. g4 fxg4 39. hxg4 Kf7
40. f4 Ke6 41. Kf2 Nc4 42. Kf3 Bd8 43. Ke2 Ba5 44. Kd3 Bc7 45. f5+ gxf5 46.
gxf5+ Kxf5 47. Bxd5 Nd6 48. b6 Bb8 49. Bg2 Ke6 50. Bf2 Kd7 51. Kd4 Nc8 52. Bh3+
Kc6 53. Bxc8 Kxb6 54. Kd5+ Kc7 55. Ba6 Kd7 56. Bh4 Bd6 57. Bb5+ Kc7 58. Be1 Bf4
59. Ba5+ Kb7 60. Bc6+ Kc8 61. Be8 Bc7 62. Bd2 Kd8 63. Bh5 h6 64. Bxh6 Ke7 65.
Bg5+ Kf8 66. Ke6 Kg7 67. Bf7 Bb6 68. Bf6+ Kh6 69. Kf5 Be3 70. Bg6 Bd4 71. Bxd4
1/2-1/2

[Event "X. Solinger Karnevalsopen"]
[Site "Solingen"]
[Date "2019.03.03"]
[Round "4.2"]
[White "Walter, Andreas"]
[Black "Jacobs, Florian"]
[Result "1-0"]
[WhiteElo "2127"]
[BlackElo "2213"]
[PlyCount "99"]
[EventDate "2019.??.??"]
[WhiteTeam "SV Mülheim-Nord"]

1. d4 Nf6 2. c4 e6 3. Nc3 Bb4 4. Qc2 d5 5. a3 Bxc3+ 6. Qxc3 c5 7. dxc5 d4 8.
Qg3 Nc6 9. Nf3 e5 10. Nxe5 Nh5 11. Nxc6 Nxg3 12. Nxd8 Nxh1 13. g3 Kxd8 14. Bg2
Re8 15. Bxh1 d3 16. Be3 dxe2 17. Kxe2 Bg4+ 18. Kd2 Re7 19. Kc3 Rc8 20. b4 Rcc7
21. Ra2 Rcd7 22. Rd2 Rxd2 23. Kxd2 Kc8 24. Kc3 f6 25. c6 bxc6 26. Bxc6 h5 27.
h4 g6 28. b5 Bf5 29. a4 Be4 30. Bxe4 Rxe4 31. Bxa7 g5 32. a5 gxh4 33. gxh4 Kb7
34. Bd4 Rxh4 35. a6+ Ka8 36. Bxf6 Re4 37. b6 h4 38. Bd8 h3 39. Bc7 Re8 40. c5
Rh8 41. Bh2 Rd8 42. f4 Rd5 43. Kc4 Rd2 44. c6 Re2 45. Kd5 Ra2 46. c7 Rd2+ 47.
Ke4 Re2+ 48. Kf3 Rf2+ 49. Kg4 Rg2+ 50. Bg3 1-0

[Event "X. Solinger Karnevalsopen"]
[Site "Solingen"]
[Date "2019.03.03"]
[Round "4.3"]
[White "Schütz, Samson"]
[Black "Bruil, Rembrandt"]
[Result "0-1"]
[WhiteElo "1709"]
[BlackElo "2200"]
[PlyCount "64"]
[EventDate "2019.??.??"]
[WhiteTeam "Fideler Bauer Leverkusen"]
[BlackTeam "SK Turm Kleve"]

1. d4 d5 2. c4 e6 3. Nc3 Be7 4. Nf3 Nf6 5. Bg5 O-O 6. e3 Nbd7 7. Bd3 a6 8. cxd5
exd5 9. O-O c5 10. a4 c4 11. Bb1 Re8 12. Qc2 g6 13. Re1 Nf8 14. e4 dxe4 15.
Nxe4 Nxe4 16. Qxe4 Be6 17. Bxe7 Qxe7 18. d5 Qb4 19. dxe6 Rxe6 20. Bc2 Rxe4 21.
Bxe4 Ne6 22. Rac1 Rc8 23. Bd5 Nf4 24. Be4 f5 25. Bb1 Qxb2 26. Rc2 Qf6 27. Ba2
b5 28. axb5 axb5 29. Rd1 Nd5 30. Rcd2 Nc3 31. Rd6 Qe7 32. Rd7 Qe8 0-1

[Event "X. Solinger Karnevalsopen"]
[Site "Solingen"]
[Date "2019.03.03"]
[Round "4.4"]
[White "Fuß, Jean-Pierre"]
[Black "Prieb, Robert"]
[Result "0-1"]
[WhiteElo "1965"]
[BlackElo "1793"]
[PlyCount "38"]
[EventDate "2019.??.??"]
[WhiteTeam "SV Turm Sankt Augustin"]
[BlackTeam "SG Bochum"]

1. d4 Nf6 2. c4 g6 3. Nc3 d5 4. Nf3 Bg7 5. Bf4 O-O 6. e3 c5 7. Be2 Nc6 8. O-O
cxd4 9. exd4 dxc4 10. d5 Na5 11. Ne5 Bf5 12. g4 Be4 13. Bf3 Bxf3 14. Qxf3 Nd7
15. Rfe1 Nc5 16. Rad1 f6 17. Nc6 bxc6 18. dxc6 Nd3 19. Re6 Qc8 0-1

[Event "X. Solinger Karnevalsopen"]
[Site "Solingen"]
[Date "2019.03.03"]
[Round "4.5"]
[White "Höfer, Severin Paul"]
[Black "Fränzel, Dr. Marius"]
[Result "1/2-1/2"]
[WhiteElo "1938"]
[BlackElo "1781"]
[PlyCount "115"]
[EventDate "2019.??.??"]
[WhiteTeam "SF Stadtverwaltung Bonn"]
[BlackTeam "SG Solingen"]

1. e4 e5 2. Nf3 Nc6 3. Bb5 a6 4. Bxc6 dxc6 5. d4 exd4 6. Qxd4 Qxd4 7. Nxd4 c5
8. Ne2 Bd7 9. Be3 Bc6 10. f3 Bd6 11. Nbc3 Ne7 12. O-O-O f5 13. e5 Bxe5 14. Bxc5
Kf7 15. Nd4 Bxd4 16. Rxd4 Rhe8 17. Rf4 g6 18. Rd4 Rad8 19. Rhd1 Rxd4 20. Rxd4
Ke6 21. Rd1 Nd5 22. Nxd5 Bxd5 23. h4 Bc6 24. Bd4 Kf7 25. b3 Re2 26. Rg1 h5 27.
Kd1 Re6 28. Kd2 b6 29. c4 a5 30. a4 Bb7 31. Rc1 c5 32. Be3 Bc8 33. Rc3 Rc6 34.
Bg5 Re6 35. Re3 Rd6+ 36. Ke2 Be6 37. Bf4 Rd7 38. Rd3 Re7 39. Kf2 Rb7 40. Bg5 f4
41. Bxf4 Bf5 42. Rd2 Ke6 43. Re2+ Kf7 44. Bg5 Rd7 45. Ke1 Rd6 46. Bf4 Rd7 47.
Rd2 Re7+ 48. Kd1 Rb7 49. Rd5 Be6 50. Rd8 Bf5 51. Kc1 Re7 52. Kd2 Rb7 53. Kc3
Re7 54. Rd6 Re2 55. Rd2 Re7 56. Bg5 Re1 57. Bd8 Re6 58. Bg5 1/2-1/2

[Event "X. Solinger Karnevalsopen"]
[Site "Solingen"]
[Date "2019.03.03"]
[Round "4.6"]
[White "Jahrke, Jonas"]
[Black "Ipekyilmaz, Tayfun"]
[Result "1-0"]
[WhiteElo "1817"]
[BlackElo "1754"]
[PlyCount "65"]
[EventDate "2019.??.??"]
[WhiteTeam "SF Essen-Katernberg"]
[BlackTeam "Langenfelder SF"]

1. e4 e5 2. Nf3 Nc6 3. Bc4 Nf6 4. d3 Be7 5. c3 d6 6. h3 Na5 7. Bb5+ c6 8. Ba4
b5 9. Bc2 c5 10. Nbd2 Bb7 11. Nf1 Qc7 12. Ng3 d5 13. Nf5 O-O-O 14. exd5 Bxd5
15. O-O Nc6 16. Nxe7+ Nxe7 17. Qe2 Ng6 18. a4 e4 19. dxe4 Bc4 20. Qe3 Bxf1 21.
Kxf1 b4 22. cxb4 cxb4 23. Bd2 Qc4+ 24. Kg1 Kb8 25. Rc1 Rhe8 26. Bb1 Qe6 27. Nd4
Rxd4 28. Qxd4 a5 29. Be3 Qa6 30. Bd3 Qb7 31. Qd6+ Ka8 32. Rc7 Nxe4 33. Bxe4 1-0

[Event "X. Solinger Karnevalsopen"]
[Site "Solingen"]
[Date "2019.03.03"]
[Round "4.7"]
[White "Marcziter, Dr. Dmitrii"]
[Black "Müller, Adrian"]
[Result "1/2-1/2"]
[WhiteElo "2225"]
[BlackElo "1919"]
[PlyCount "68"]
[EventDate "2019.??.??"]
[WhiteTeam "DJK Aufwärts Aachen"]
[BlackTeam "Fideler Bauer Leverkusen"]

1. d4 Nf6 2. c4 g6 3. Nf3 Bg7 4. g3 O-O 5. Bg2 d6 6. Nc3 Nc6 7. O-O a6 8. d5
Na5 9. b3 c5 10. dxc6 Nxc6 11. Bd2 d5 12. Nxd5 Nxd5 13. cxd5 Qxd5 14. Ng5 Qe5
15. Rc1 Rd8 16. Nf3 Qh5 17. Rc4 Ne5 18. Rh4 Nxf3+ 19. Bxf3 Qe5 20. Qc1 Bf5 21.
Rc4 Rac8 22. Bf4 Qb5 23. Rc7 Be5 24. Rxc8 Rxc8 25. Qe3 Bxf4 26. Qxf4 e5 27. Qd2
Rc2 28. Qd8+ Kg7 29. g4 Qd7 30. Rd1 Qxd8 31. Rxd8 e4 32. gxf5 exf3 33. exf3
gxf5 34. Rd5 Rxa2 1/2-1/2

[Event "X. Solinger Karnevalsopen"]
[Site "Solingen"]
[Date "2019.03.03"]
[Round "4.8"]
[White "Schülke, Tilman"]
[Black "Naundorf, Maik"]
[Result "1/2-1/2"]
[WhiteElo "1924"]
[BlackElo "2147"]
[PlyCount "103"]
[EventDate "2019.??.??"]
[WhiteTeam "Düsseldorfer SV"]
[BlackTeam "Königsspringer Hagen/Wetter"]

1. d4 Nf6 2. c3 g6 3. Bf4 Bg7 4. h3 O-O 5. e3 d6 6. Nf3 b6 7. Nbd2 c5 8. Be2
Bb7 9. O-O Nbd7 10. a4 a6 11. Qb1 Rc8 12. Rd1 Rc7 13. Ne1 Qa8 14. Bf3 Rfc8 15.
Bxb7 Qxb7 16. Qd3 Ra8 17. Qe2 Rcc8 18. Qf3 Ra7 19. Qxb7 Rxb7 20. Nd3 Nd5 21.
Bg5 h6 22. Bh4 f5 23. Bg3 g5 24. Bh2 N7f6 25. Kf1 Ne4 26. Nxe4 fxe4 27. Ne1
cxd4 28. exd4 Rf8 29. Ke2 Rc7 30. Ra3 Rcc8 31. Rb3 Rc4 32. Ra1 Rc6 33. Nc2 e6
34. Rf1 Rf7 35. f3 exf3+ 36. Rxf3 Rb7 37. Nb4 Nxb4 38. Rxb4 b5 39. d5 exd5 40.
Rf5 Re7+ 41. Kd2 Be5 42. Bxe5 Rxe5 43. Rxe5 dxe5 44. axb5 axb5 45. Rxb5 Rd6 46.
Rb7 d4 47. cxd4 Rxd4+ 48. Ke3 Kh8 49. b4 Kg8 50. b5 Rb4 51. b6 Kh8 52. Kf3
1/2-1/2

[Event "X. Solinger Karnevalsopen"]
[Site "Solingen"]
[Date "2019.03.03"]
[Round "4.9"]
[White "Kuhn, Andreas"]
[Black "Flesch, Dr. Stefan"]
[Result "1/2-1/2"]
[WhiteElo "1895"]
[BlackElo "2044"]
[PlyCount "32"]
[EventDate "2019.??.??"]
[WhiteTeam "SG Niederkassel"]
[BlackTeam "SG Solingen"]

1. d4 Nf6 2. c4 c5 3. d5 e5 4. Nc3 Bd6 5. e4 Bc7 6. Bd3 d6 7. Nge2 O-O 8. O-O
Ba5 9. Rb1 Nbd7 10. a3 Nh5 11. b4 Bb6 12. g4 Nhf6 13. Ng3 Ne8 14. b5 Ba5 15.
Bd2 g6 16. h3 Qh4 1/2-1/2

[Event "X. Solinger Karnevalsopen"]
[Site "Solingen"]
[Date "2019.03.03"]
[Round "4.10"]
[White "Steinbach, Wolfgang"]
[Black "Weinkauf, Viktor"]
[Result "0-1"]
[WhiteElo "2022"]
[BlackElo "1841"]
[PlyCount "126"]
[EventDate "2019.??.??"]
[WhiteTeam "SG Solingen"]
[BlackTeam "Aachener SV"]

{[%evp 0,10,19,27,26,-12,22,6,-4,-4,34,43,55]} 1. Nf3 d5 2. b3 c5 3. Bb2 Nf6 4.
e3 g6 5. c4 Bg7 6. cxd5 O-O 7. Nc3 Nxd5 8. Qc1 Nb4 9. a3 Nd3+ 10. Bxd3 Qxd3 11.
Qb1 Bf5 12. Qxd3 Bxd3 13. Na4 Nd7 14. Bxg7 Kxg7 15. Rc1 Rac8 16. Nb2 Be4 17.
Ke2 b5 18. d3 Bd5 19. b4 f6 20. d4 Bxf3+ 21. Kxf3 c4 22. Nd1 a6 23. Nc3 Nb6 24.
Rhd1 e6 25. e4 Rfd8 26. Ke3 f5 27. f3 Kf6 28. h4 h6 29. Rh1 Rd7 30. Ra1 Rcd8
31. Rhd1 g5 32. hxg5+ hxg5 33. g3 f4+ 34. gxf4 gxf4+ 35. Kxf4 Rxd4 36. Rh1 e5+
37. Kg3 Kg6 38. Rag1 Rd2 39. Kh4+ Kf6 40. Nd1 R2d3 41. Nf2 Rxf3 42. Ng4+ Ke6
43. Nh6 Rf6 44. Kh5 Nc8 45. Ng8 Rff8 46. Rg6+ Kd7 47. Rhg1 Ne7 48. Rd1+ Kc7 49.
Rxd8 Nxg6 50. Rxf8 Nxf8 51. Ne7 Nd7 52. Nd5+ Kc6 53. Kg5 Nb6 54. Ne3 c3 55. Kf6
Nc4 56. Nc2 Kd6 57. Kf5 Ke7 58. Kg4 Nd2 59. Kf5 Kd6 60. Ne3 Nf3 61. Kf6 Nd4 62.
Nf5+ Nxf5 63. exf5 c2 0-1

[Event "X. Solinger Karnevalsopen"]
[Site "Solingen"]
[Date "2019.03.03"]
[Round "4.11"]
[White "Iov, Dmitrii"]
[Black "Borchert, Stephan"]
[Result "0-1"]
[WhiteElo "1892"]
[BlackElo "1983"]
[PlyCount "74"]
[EventDate "2019.??.??"]
[WhiteTeam "Oberbilker SV"]
[BlackTeam "SG Solingen"]

1. d4 Nf6 2. c4 g6 3. Nf3 Bg7 4. Nc3 O-O 5. e4 d6 6. Be2 c6 7. O-O Nbd7 8. h3
e5 9. dxe5 dxe5 10. Bg5 h6 11. Be3 Qe7 12. Qd2 Kh7 13. Rad1 Nc5 14. Qc2 Nh5 15.
Qd2 Ne6 16. Qd6 Qf6 17. Nh2 Rd8 18. Qb4 Nd4 19. Bxh5 gxh5 20. Rd2 Qg6 21. Kh1
Bf6 22. f3 Rg8 23. c5 a5 24. Qa4 Be6 25. Qd1 Bc4 26. Rg1 Rad8 27. b3 Ba6 28. f4
Qg3 29. Bxd4 Rxd4 30. Rxd4 exd4 31. Ne2 Qe3 32. Nc1 d3 33. e5 Bh4 34. Qxh5 d2
35. Qxf7+ Kh8 36. Qh5 Qxg1+ 37. Kxg1 d1=Q+ 0-1

[Event "X. Solinger Karnevalsopen"]
[Site "Solingen"]
[Date "2019.03.03"]
[Round "4.12"]
[White "Lux, Andreas"]
[Black "Speck, Stefan"]
[Result "0-1"]
[WhiteElo "1809"]
[BlackElo "1983"]
[PlyCount "36"]
[EventDate "2019.??.??"]
[WhiteTeam "SG Solingen"]
[BlackTeam "SC Solingen 28"]

1. d4 d6 2. c4 e5 3. dxe5 dxe5 4. Qc2 Nc6 5. Nc3 Nd4 6. Qb1 Bf5 7. e4 Bg4 8.
Be3 Nf6 9. Bd3 Nd7 10. b4 a5 11. bxa5 Nc5 12. Bc2 Rxa5 13. f3 Be6 14. Bxd4 exd4
15. Nd5 c6 16. Nf4 Bxc4 17. Nd3 Qg5 18. f4 Qxg2 0-1

[Event "X. Solinger Karnevalsopen"]
[Site "Solingen"]
[Date "2019.03.03"]
[Round "4.13"]
[White "König, Linus"]
[Black "Pauls, Wilhelm"]
[Result "0-1"]
[WhiteElo "1629"]
[BlackElo "1963"]
[PlyCount "74"]
[EventDate "2019.??.??"]
[WhiteTeam "SF Schlebusch"]
[BlackTeam "SG Kaarst"]

1. d4 Nf6 2. Nf3 g6 3. Nc3 d5 4. Bf4 c6 5. Qd2 h6 6. h3 Nbd7 7. O-O-O Bg7 8. g4
b5 9. Ne5 b4 10. Nb1 Nxe5 11. Bxe5 Ne4 12. Qe1 Bxe5 13. dxe5 Qb6 14. e3 a5 15.
Bg2 Be6 16. Nd2 Nc5 17. Nb3 Nxb3+ 18. cxb3 O-O 19. Qe2 a4 20. bxa4 Rxa4 21. b3
Ra3 22. Rd2 Rfa8 23. Kb1 Qa5 24. Rb2 Bc8 25. Rd1 e6 26. f4 c5 27. Rc1 Ba6 28.
Qd2 Rb8 29. Bf1 Bxf1 30. Rxf1 c4 31. bxc4 dxc4 32. Qd6 Qb5 33. Rc1 Rxe3 34.
Rxc4 Re1+ 35. Rc1 Rxc1+ 36. Kxc1 Qf1+ 37. Kc2 Rc8+ 0-1

[Event "X. Solinger Karnevalsopen"]
[Site "Solingen"]
[Date "2019.03.03"]
[Round "4.14"]
[White "Scheffner, Jarno"]
[Black "Breuer, Leon"]
[Result "1-0"]
[WhiteElo "1947"]
[BlackElo "1715"]
[PlyCount "93"]
[EventDate "2019.??.??"]
[WhiteTeam "SK Nordhorn-Blanke"]
[BlackTeam "SC Listiger Bauer Essen"]

1. e4 c6 2. d4 d5 3. Nc3 dxe4 4. Nxe4 Nf6 5. Nxf6+ gxf6 6. Nf3 Bf5 7. Bd3 Bxd3
8. Qxd3 e6 9. Bd2 Nd7 10. O-O-O Qc7 11. c4 O-O-O 12. Kb1 Nb6 13. Qe2 h5 14. Ba5
Qf4 15. Ka1 Rd7 16. Rhe1 Qf5 17. Bd2 Bh6 18. Bxh6 Rxh6 19. b3 Rh8 20. Qe4 Qg4
21. g3 Rhd8 22. a4 a5 23. Qe3 Kc7 24. h3 Qf5 25. Rc1 Rg8 26. Qc3 Ra8 27. Qe3
Rg8 28. Qe4 Qxh3 29. Qf4+ Kc8 30. Qxf6 Qg4 31. Rcd1 Rg6 32. Qf4 Qxf4 33. gxf4
Rf6 34. Re4 Rd8 35. Rg1 Nd7 36. Rg5 b6 37. Rxh5 Rg6 38. Rg5 Rh6 39. Rg7 f5 40.
Re3 Rdh8 41. Ng5 Rh1+ 42. Kb2 Rf1 43. Re2 Rhh1 44. Rg8+ Kb7 45. Rg7 Rb1+ 46.
Kc3 Rbc1+ 47. Rc2 1-0

[Event "X. Solinger Karnevalsopen"]
[Site "Solingen"]
[Date "2019.03.03"]
[Round "4.15"]
[White "Schröder, Jörg"]
[Black "Atali, Dogukan"]
[Result "1/2-1/2"]
[WhiteElo "2007"]
[BlackElo "1709"]
[PlyCount "43"]
[EventDate "2019.??.??"]
[WhiteTeam "Oberhausener SV"]
[BlackTeam "SV Waltrop"]

1. Nf3 d5 2. e3 Nf6 3. c4 e6 4. b3 Be7 5. Bb2 O-O 6. Qc2 Nbd7 7. Bd3 Nc5 8. Be2
b6 9. O-O Bb7 10. d3 Ncd7 11. Nbd2 c5 12. Rac1 Qc7 13. Rfe1 Rac8 14. Qb1 Qb8
15. cxd5 Nxd5 16. d4 cxd4 17. Nxd4 Bc5 18. a3 Rfd8 19. N2f3 h6 20. Bd3 N5f6 21.
e4 Ne5 22. Bc2 1/2-1/2

[Event "X. Solinger Karnevalsopen"]
[Site "Solingen"]
[Date "2019.03.03"]
[Round "4.16"]
[White "Tremöhlen, Thomas"]
[Black "Boschek, Dr. Hans-Joachim"]
[Result "1-0"]
[WhiteElo "1980"]
[BlackElo "1922"]
[PlyCount "61"]
[EventDate "2019.??.??"]
[WhiteTeam "SG Kaarst"]
[BlackTeam "SG Solingen"]

1. d4 Nf6 2. Bf4 d6 3. e3 g6 4. h4 Bg7 5. Nd2 Nbd7 6. Ngf3 c5 7. c3 b6 8. Bd3
Bb7 9. Qe2 h6 10. e4 Nh5 11. Bh2 cxd4 12. cxd4 e5 13. Nc4 Qe7 14. g4 Nf4 15.
Bxf4 exf4 16. O-O-O O-O 17. Ncd2 Rfe8 18. g5 h5 19. Rhe1 a5 20. Bb5 Rec8+ 21.
Kb1 Nb8 22. Nc4 Rxc4 23. Bxc4 Ba6 24. e5 d5 25. Bxa6 Nxa6 26. Rc1 a4 27. Qb5 a3
28. b3 Nb4 29. Rc3 Bf8 30. Qxb6 Qd7 31. e6 1-0

[Event "X. Solinger Karnevalsopen"]
[Site "Solingen"]
[Date "2019.03.03"]
[Round "4.17"]
[White "Vranidis, Athanassios"]
[Black "Runte, Dirk"]
[Result "1-0"]
[WhiteElo "1976"]
[BlackElo "1740"]
[PlyCount "59"]
[EventDate "2019.??.??"]
[WhiteTeam "SG Solingen"]
[BlackTeam "Fideler Bauer Leverkusen"]

1. d4 Nf6 2. c4 g6 3. Nc3 d5 4. cxd5 Nxd5 5. e4 Nxc3 6. bxc3 Bg7 7. Nf3 O-O 8.
Be2 c5 9. Rb1 cxd4 10. cxd4 Qa5+ 11. Qd2 Qxd2+ 12. Bxd2 b6 13. O-O Ba6 14. Bxa6
Nxa6 15. Rfc1 Rfd8 16. Be3 Rac8 17. h3 Nc7 18. d5 Ne8 19. Bg5 Nf6 20. Nd2 h6
21. Be3 Nd7 22. Nb3 Ne5 23. Nd4 Rc5 24. Nc6 Rxc1+ 25. Rxc1 Nxc6 26. Rxc6 Rd7
27. Kf1 f6 28. Ke2 Kf7 29. Kd3 f5 30. f3 1-0

[Event "X. Solinger Karnevalsopen"]
[Site "Solingen"]
[Date "2019.03.03"]
[Round "4.18"]
[White "Martino-Groß, Peter"]
[Black "Struck, Lasse"]
[Result "0-1"]
[WhiteElo "1947"]
[BlackElo "1718"]
[PlyCount "54"]
[EventDate "2019.??.??"]
[WhiteTeam "SC Solingen 28"]
[BlackTeam "SF Essen-Katernberg"]

1. Nf3 c5 2. c4 Nf6 3. Nc3 Nc6 4. g3 g6 5. Bg2 Bg7 6. O-O O-O 7. d4 cxd4 8.
Nxd4 Qb6 9. Nc2 d6 10. b3 Be6 11. Be3 Qa5 12. Bd2 Qc7 13. Rc1 Qd7 14. e4 Bg4
15. f3 Bh3 16. Ne3 Bxg2 17. Kxg2 Rac8 18. Be1 Qd8 19. Bf2 Nd7 20. Ncd5 Qa5 21.
a4 Rfe8 22. b4 Nxb4 23. Be1 Nxd5 24. cxd5 Rxc1 25. Qxc1 Qxa4 26. Bf2 Nc5 27.
Rd1 b5 0-1

[Event "X. Solinger Karnevalsopen"]
[Site "Solingen"]
[Date "2019.03.03"]
[Round "4.19"]
[White "Kushchan, Eduard"]
[Black "Illner, Jan"]
[Result "1-0"]
[WhiteElo "1944"]
[BlackElo "1636"]
[PlyCount "67"]
[EventDate "2019.??.??"]
[WhiteTeam "SG Solingen"]
[BlackTeam "SG Bochum"]

1. d4 Nf6 2. c4 e6 3. Nc3 d5 4. Nf3 Be7 5. cxd5 exd5 6. Bf4 c6 7. e3 Bg4 8. Qc2
O-O 9. Ne5 Bh5 10. Bd3 Nbd7 11. g4 Bg6 12. Nxg6 hxg6 13. O-O-O Nh7 14. h4 Ndf6
15. h5 g5 16. h6 g6 17. Be5 Qe8 18. Rdg1 Rd8 19. f4 Bd6 20. Kb1 gxf4 21. exf4
Bxe5 22. fxe5 Nd7 23. Re1 Ng5 24. Rhf1 Kh7 25. Qd2 Ne6 26. Bc2 Qe7 27. Rf3 Qg5
28. Qf2 Qe7 29. Rf1 Ng5 30. Qh4 Nxf3 31. Qxe7 Nd2+ 32. Kc1 Nxf1 33. e6 Nb6 34.
Qf6 1-0

[Event "X. Solinger Karnevalsopen"]
[Site "Solingen"]
[Date "2019.03.03"]
[Round "4.20"]
[White "Prang, Andreas"]
[Black "Krüger, Till"]
[Result "0-1"]
[WhiteElo "1821"]
[BlackElo "1926"]
[PlyCount "96"]
[EventDate "2019.??.??"]
[WhiteTeam "SV Unser Fritz"]
[BlackTeam "SC Nidderau"]

1. c4 e5 2. g3 d6 3. Nc3 c6 4. Bg2 Be7 5. d4 Qc7 6. h3 Nf6 7. e4 O-O 8. Nf3 a5
9. O-O Na6 10. Be3 Re8 11. Re1 exd4 12. Nxd4 Nc5 13. Qc2 h6 14. Rad1 Bf8 15.
Kh2 g6 16. f4 Bg7 17. Bf2 Bd7 18. f5 g5 19. Kg1 Rad8 20. g4 Bc8 21. Bg3 Nfd7
22. Nf3 Ne5 23. Nxe5 Bxe5 24. Bxe5 Rxe5 25. Re3 b6 26. h4 Qe7 27. Rh3 Kg7 28.
Bf3 Rh8 29. Qd2 Nb7 30. Re1 f6 31. Qh2 Nd8 32. hxg5 fxg5 33. Qf2 Qc7 34. Nb1
Bd7 35. Qd4 Nf7 36. Nd2 b5 37. Bg2 c5 38. Qf2 Qd8 39. cxb5 Bxb5 40. Bf1 Bxf1
41. Qxf1 Rhe8 42. Rhe3 d5 43. Qa6 Qd6 44. Qxa5 dxe4 45. Nc4 Qd4 46. Nxe5 Nxe5
47. f6+ Kxf6 48. Qb6+ Re6 0-1

[Event "X. Solinger Karnevalsopen"]
[Site "Solingen"]
[Date "2019.03.03"]
[Round "4.21"]
[White "Schmidt, Sebastian"]
[Black "Podder, Michael"]
[Result "1-0"]
[WhiteElo "1805"]
[BlackElo "1939"]
[PlyCount "115"]
[EventDate "2019.??.??"]
[WhiteTeam "SV Waltrop"]
[BlackTeam "Elberfelder SG"]

1. e4 g6 2. d4 Bg7 3. Be2 d6 4. Nc3 Nd7 5. Nf3 c5 6. O-O cxd4 7. Nxd4 Ngf6 8.
Be3 O-O 9. f3 Ne5 10. Re1 a6 11. a4 Bd7 12. a5 Rc8 13. Kh1 Nc4 14. Bxc4 Rxc4
15. Qd3 Qc8 16. Rec1 Be6 17. Nxe6 fxe6 18. Ne2 e5 19. Nc3 Kh8 20. Na4 Rc6 21.
Nb6 Qe6 22. Nd5 Nh5 23. c4 Nf4 24. Bxf4 exf4 25. Rab1 Be5 26. b4 Rfc8 27. Rc2
Qf7 28. Nb6 Rg8 29. b5 Rc7 30. Rbc1 g5 31. c5 axb5 32. cxd6 Rxc2 33. Rxc2 exd6
34. Qxb5 g4 35. Nd5 gxf3 36. gxf3 Qh5 37. Qd3 Qh4 38. Qf1 Bd4 39. Rg2 Rg3 40.
Rxg3 fxg3 41. Qg2 gxh2 42. Qd2 Be5 43. f4 Qg3 44. Qxh2 Qe1+ 45. Qg1 Qxe4+ 46.
Qg2 Qe1+ 47. Kh2 Qh4+ 48. Kg1 Bd4+ 49. Kf1 Qh5 50. Qe4 Qd1+ 51. Kg2 Qg1+ 52.
Kh3 Kg7 53. Qe7+ Kg6 54. Qe8+ Kg7 55. Qd7+ Kg6 56. Ne7+ Kh5 57. Qe8+ Kh6 58.
Nf5# 1-0

[Event "X. Solinger Karnevalsopen"]
[Site "Solingen"]
[Date "2019.03.03"]
[Round "4.22"]
[White "Karwatzki, Hans-Jürgen"]
[Black "Michalczak, Thomas"]
[Result "0-1"]
[WhiteElo "1642"]
[BlackElo "2239"]
[PlyCount "26"]
[EventDate "2019.??.??"]
[WhiteTeam "SF Stadtverwaltung Bonn"]
[BlackTeam "SG Solingen"]

1. e4 e5 2. f4 exf4 3. Nf3 g5 4. Bc4 Bg7 5. O-O d6 6. d4 Nc6 7. g3 Bh3 8. gxf4
Bxf1 9. Qxf1 Nxd4 10. fxg5 Qd7 11. Qg2 O-O-O 12. Be3 Nxf3+ 13. Qxf3 Bxb2 0-1

[Event "X. Solinger Karnevalsopen"]
[Site "Solingen"]
[Date "2019.03.03"]
[Round "4.23"]
[White "Leontiev, Oleg"]
[Black "Albrecht, Philipp"]
[Result "1-0"]
[WhiteElo "2007"]
[BlackElo "1420"]
[PlyCount "109"]
[EventDate "2019.??.??"]
[WhiteTeam "SV Turm Sankt Augustin"]
[BlackTeam "SF Brett vor'm Kopp Duisburg"]

1. d4 Nf6 2. Nf3 e6 3. e3 d5 4. Bd3 c5 5. b3 Nc6 6. O-O b6 7. Nbd2 Bb7 8. a3
Qc7 9. Bb2 Bd6 10. Qe2 O-O 11. dxc5 bxc5 12. e4 dxe4 13. Nxe4 Nxe4 14. Qxe4 g6
15. Qh4 Ne5 16. Ng5 f6 17. Ne4 Qc6 18. f3 c4 19. bxc4 Qb6+ 20. Kh1 Bxe4 21.
Bxe5 Bxd3 22. Bd4 Qc7 23. cxd3 Be5 24. Rfe1 Bxd4 25. Qxd4 Rad8 26. Qe4 Rd6 27.
Rab1 Qc5 28. Rb3 Qf2 29. Qe3 Qc2 30. Rb7 Rb6 31. Rxb6 axb6 32. Qxe6+ Kg7 33.
Qd6 Qf2 34. Qe7+ Rf7 35. Qe3 Qb2 36. d4 Ra7 37. d5 Rxa3 38. Qe7+ Kh6 39. Qe4
Ra1 40. h3 Qc3 41. Rxa1 Qxa1+ 42. Kh2 f5 43. Qe3+ Kg7 44. f4 Qf6 45. Qe5 Kf7
46. Qc7+ Ke8 47. Qxh7 Qd6 48. Qh8+ Kd7 49. Qe5 Qc5 50. Qe6+ Kc7 51. Qf7+ Kb8
52. Qxg6 Qxc4 53. Qxb6+ Kc8 54. Qc6+ Qxc6 55. dxc6 1-0

[Event "X. Solinger Karnevalsopen"]
[Site "Solingen"]
[Date "2019.03.03"]
[Round "4.24"]
[White "Schmuck, Markus"]
[Black "Tonev, Vasil"]
[Result "1-0"]
[WhiteElo "1963"]
[BlackElo "1727"]
[PlyCount "51"]
[EventDate "2019.??.??"]
[WhiteTeam "SG Solingen"]
[BlackTeam "SV Horrem"]

1. d4 e6 2. Bf4 f5 3. e3 Nf6 4. Bd3 b6 5. Nd2 Bb7 6. f3 Nh5 7. Qe2 Nc6 8. c3
Nxf4 9. exf4 Be7 10. Nh3 O-O 11. Rg1 Bf6 12. Nc4 Bxd4 13. cxd4 Nxd4 14. Qf2 c5
15. O-O-O Qc7 16. Na3 a6 17. Nc2 Nc6 18. g4 Ne7 19. gxf5 exf5 20. Qg3 g6 21.
Rge1 d5 22. Re6 Rf7 23. Rde1 Rd8 24. Qh4 Rd7 25. Ng5 Rg7 26. Rf6 1-0